000 00439nam a2200169Ii 4500
003 JO-AjNU
008 230606s9999||||xx |||||||||||||| ||und||
040 _aJO-AjNU
_beng
_erda
_cJO-AjNU
041 _aeng
100 3 _awalrar,
_eauthor
_94143
245 0 0 _aprinciples of physics
250 _a1 ed
264 3 1 _awiley,2014
336 _atext
_btxt
_2rdacontent
337 _aunmediated
_bn
_2rdamedia
338 _avolume
_bnc
_2rdacarrier
999 _aE2156
_c2154
_d2154